ՀՀ Գիտությունների ազգային ակադեմիայի հիմնարար գիտական գրադարան  =   Fundamental Scientific Library of NAS RA

Палинологические таксоны в биостратиграфии : (Record no. 48704)

MARC details
000 -LEADER
fixed length control field 01158nam a2200253 a 4500
001 - CONTROL NUMBER
control field 000144361
003 - CONTROL NUMBER IDENTIFIER
control field AM-YEHGA
005 - DATE AND TIME OF LATEST TRANSACTION
control field 20250617122952.0
008 - FIXED-LENGTH DATA ELEMENTS--GENERAL INFORMATION
fixed length control field 960705s1991 ru ||||gr|||||||||0|rus|d
020 ## - INTERNATIONAL STANDARD BOOK NUMBER
International Standard Book Number 5020047244
040 ## - CATALOGING SOURCE
Original cataloging agency AM-YeHGA
041 0# - LANGUAGE CODE
Language code of text/sound track or separate title rus
090 ## - LOCALLY ASSIGNED LC-TYPE CALL NUMBER (OCLC); LOCAL CALL NUMBER (RLIN)
-- 49465
245 00 - TITLE STATEMENT
Title Палинологические таксоны в биостратиграфии :
Remainder of title [Сборник статей] : По материалам V Всесоюзной палинологической конференции /
Statement of responsibility, etc. АН СССР, Палеонтол. ин-т ; Отв. ред. Е.Д. Заклинская.
260 ## - PUBLICATION, DISTRIBUTION, ETC.
Place of publication, distribution, etc. Москва :
Name of publisher, distributor, etc. Наука,
Date of publication, distribution, etc. 1991.
300 ## - PHYSICAL DESCRIPTION
Extent 76 с. :
Other physical details ил. ;
Dimensions 22 см.
504 ## - BIBLIOGRAPHY, ETC. NOTE
Bibliography, etc. note Библиогр.: с. 43-45
650 14 - SUBJECT ADDED ENTRY--TOPICAL TERM
Topical term or geographic name entry element Биостратиграфия
Form subdivision Сборники
650 #4 - SUBJECT ADDED ENTRY--TOPICAL TERM
Topical term or geographic name entry element Палинология - Сборники
700 1# - ADDED ENTRY--PERSONAL NAME
Personal name Заклинская, Елена Дмитриевна
Relator term ред.
Relationship edt
710 2# - ADDED ENTRY--CORPORATE NAME
Corporate name or jurisdiction name as entry element Палеонтологический институт АН СССР
711 2# - ADDED ENTRY--MEETING NAME
Meeting name or jurisdiction name as entry element Всесоюзная палинологическая конференция (5)
942 ## - ADDED ENTRY ELEMENTS (KOHA)
Source of classification or shelving scheme Universal Decimal Classification
Koha item type Գրքեր / Books
Holdings
Withdrawn status Lost status Damaged status Not for loan Collection Home library Current library Date acquired Total checkouts Full call number Barcode Date last seen Price effective from Koha item type Public note
        General Fundamental Scientific Library Fundamental Scientific Library 21/12/2016   РII/632140 120632140 21/12/2016 21/12/2016 Գրքեր / Books 30 Days Loan


ՀՀ ԳԱԱ հիմնարար գիտական գրադարան
ՀՀ,Երևան 0019
Մարշալ Բաղրամյան 24/6
հեռախոս:(374-10) 52-47-50
Հետադարձ կապ

All site content, except where otherwise noted, is licensed under a
Creative Commons License